Score 0/9 Timer 02:00
0 Plays Today
% Correct
Paul Wesley
97.9%
Ian Somerhalder
97.9%
Candice Accola King
97.3%
Katarina Graham
96.2%
Julie Plec
95%
Steven R. McQueen
92.4%
Zach Roerig
90.7%
Michael Malarkey
90.7%
Michael Trevino
90.1%
Remove Ads.
Support Sporcle.
Get the best of Sporcle when you Go Orange. This ad-free experience offers more features, more stats, and more fun while also helping to support Sporcle. Thank you for becoming a member.

You're not logged in!

Compare scores with friends on all Sporcle quizzes.
OR
Log In

Show Comments

Extras

Top Quizzes Today


Score Distribution

Your Account Isn't Verified!

In order to create a playlist on Sporcle, you need to verify the email address you used during registration. Go to your Sporcle Settings to finish the process.

Report this User

Report this user for behavior that violates our Community Guidelines.

Details: